Juan Pablo II, filósofo desde la fe

Furkejuvvon:
Bibliográfalaš dieđut
Váldodahkkit: Correia, Manuel (Dahkki), Scherz, Tomás (Dahkki), Covarrubias, Andrés (Dahkki), Yáñez, Verónica (Dahkki), Saavedra, José (Dahkki), Valenzuela, Juan Carlos (Dahkki)
Materiálatiipa: Girji
Giella:espánnjágiella
Almmustuhtton: Santiago Universidad Católica de Chile 1986
Fáttát:
Fáddágilkorat: Lasit fáddágilkoriid
Eai fáddágilkorat, Lasit vuosttaš fáddágilkora!

MARC

LEADER 00000nam a2200000 a 4500
001 UCZ2395
003 CL-VaPUC
008 950929e19860300CL |||||||||||||||||spa|d
082 0 4 |a 190  |b COR  |2 21 
100 0 |a Correia, Manuel  |e author  |9 346167 
700 0 |a Scherz, Tomás  |e author  |9 346168 
700 0 |a Covarrubias, Andrés  |e author  |9 346169 
700 0 |a Yáñez, Verónica  |e author  |9 346170 
700 0 |a Saavedra, José  |e author  |9 346171 
700 0 |a Valenzuela, Juan Carlos  |e author  |9 346172 
245 1 0 |a Juan Pablo II, filósofo desde la fe 
300 |a 38 p 
942 |c BK 
945 |d 19950929 00:00:00  |a cmena 
260 |a Santiago  |b Universidad Católica de Chile  |c 1986 
650 0 |a Filosofía cristiana   |9 265980 
650 0 |a Teología   |9 258766 
650 0 |a Experiencia religiosa  |9 315549 
650 0 |a Creencia  |9 334586 
650 0 |a Cristianismo  |9 257361 
583 |a last modification  |c 19950929 00:00:00  |k Rodrigo Vera 
999 |c 239019  |d 239017 
952 |0 0  |1 0  |4 0  |6 190_000000000000000_COR_1986  |7 0  |8 A  |9 249800  |a BIBEDU  |b BIBEDU  |d 2019-11-18  |i 1567942  |o 190 COR 1986  |p 1567942  |r 2019-11-18  |w 2019-11-18  |y BK  |k FIL